ბათუმის შოთა რუსთაველის სახელმწიფო უნივერსიტეტის ბიბლიოთეკა

International Review of the Red Cross : Sexual violence in armed conflict : (ბიბ.ჩანაწერი № 57303)

000 -LEADER
fixed length control field 00988cas a22002653i 4500
001 - CONTROL NUMBER
control field 20722944
003 - CONTROL NUMBER IDENTIFIER
control field GE_BSU
005 - DATE AND TIME OF LATEST TRANSACTION
control field 20200410163552.0
008 - FIXED-LENGTH DATA ELEMENTS--GENERAL INFORMATION
fixed length control field 181027cuuuu9999gw || | 0 0eng
022 ## - INTERNATIONAL STANDARD SERIAL NUMBER
International Standard Serial Number 1607-5889
022 ## - INTERNATIONAL STANDARD SERIAL NUMBER
ISSN-L 1816-3831
040 ## - CATALOGING SOURCE
Transcribing agency
245 00 - TITLE STATEMENT
Title International Review of the Red Cross : Sexual violence in armed conflict :
Remainder of title №2014 Volume 96 №894 / Editor-in-Chief Vincent Bernard
264 #1 - PRODUCTION, PUBLICATION, DISTRIBUTION, MANUFACTURE, AND COPYRIGHT NOTICE
Place of production, publication, distribution, manufacture Cambridge :
Name of producer, publisher, distributor, manufacturer Cambridge University Press
-- 2014.
300 ## - PHYSICAL DESCRIPTION
Extent V.
336 ## - CONTENT TYPE
Content type term text
Content type code txt
Source rdacontent
337 ## - MEDIA TYPE
Media type term computer
Media type code c
Source rdamedia
338 ## - CARRIER TYPE
Carrier type term online resource
Carrier type code cr
Source rdacarrier
653 ## - INDEX TERM--UNCONTROLLED
Uncontrolled term ჰუმანიტარული დებატები კანონი პოლიტიკა მოქმედება
653 ## - INDEX TERM--UNCONTROLLED
Uncontrolled term პერიოდიკა
700 ## - ADDED ENTRY--PERSONAL NAME
Personal name Bernard, Vincent
Relator term რედაქტორი
9 (RLIN) 7097
906 ## - LOCAL DATA ELEMENT F, LDF (RLIN)
a 0
b ibc
c serials
d 2
e ncip
f 20
g z-ilsserca
942 ## - ADDED ENTRY ELEMENTS (KOHA)
Source of classification or shelving scheme
Koha item type პერიოდიკა
ეგზემპლარები
Withdrawn status Lost status Source of classification or shelving scheme Damaged status Not for loan Permanent Location Current Location Date acquired Serial Enumeration / chronology Barcode Date last seen Copy number Price effective from Koha item type
        შიდა ფონდი ბათუმის შოთა რუსთაველის სახელმწიფო უნივერსიტეტის მთავარი ბიბლიოთეკა ბათუმის შოთა რუსთაველის სახელმწიფო უნივერსიტეტის მთავარი ბიბლიოთეკა 2020-02-17 2014 Volume 96 №894 p80547 2020-02-17 p80547 2020-02-17 პერიოდიკა
        შიდა ფონდი ბათუმის შოთა რუსთაველის სახელმწიფო უნივერსიტეტის მთავარი ბიბლიოთეკა ბათუმის შოთა რუსთაველის სახელმწიფო უნივერსიტეტის მთავარი ბიბლიოთეკა 2020-02-17 2014 Volume 96 №894 p80548 2020-02-17 p80548 2020-02-17 პერიოდიკა